Porovnanie vplyvu dĺžky polymérneho vlákna na vlastnosti cementových mált
Salvato in:
| Autore principale: | |
|---|---|
| Altri autori: | |
| Natura: | Manoscritto Libro |
| Lingua: | slovacco |
| Pubblicazione: |
2019
|
| Soggetti: | |
| Accesso online: | http://is.stuba.sk/zp/portal_zp.pl?podrobnosti=145830 https://opac.crzp.sk/?fn=detailBiblioForm&sid=9F8942B94996237AAAFD18F666DC |
| Tags: |
Nessun Tag, puoi essere il primo ad aggiungerne!!
|
MARC
| LEADER | 00000ntm a22000003a 4500 | ||
|---|---|---|---|
| 001 | stuzp73362 | ||
| 003 | SK-STU | ||
| 005 | 20230530150026.8 | ||
| 007 | ta | ||
| 008 | 150427s2015----xo-----f-mn---000-0-slo-d | ||
| 040 | |a STU |b slo | ||
| 041 | 0 | |a slo | |
| 100 | 1 | |a Glejtek, Tomáš |u 010260 |k Z4 |4 aut |U SvF Stavebná fakulta |T SvF Katedra materiálového inžinierstva |X 75716 |U V260 |Y 27 |7 75716 | |
| 242 | 0 | 1 | |a Comparison of the effect of the length of the polymeric fiber on the properties of cement mortars |y eng |
| 245 | 1 | 0 | |a Porovnanie vplyvu dĺžky polymérneho vlákna na vlastnosti cementových mált |
| 260 | |c 2019 | ||
| 650 | 4 | |a zmrašťovanie |2 slo | |
| 650 | 4 | |a vláknobetón |2 slo | |
| 650 | 4 | |a polymérne vlákna |2 slo | |
| 650 | 4 | |a polymer fibers |2 eng | |
| 650 | 4 | |a shrinkage |2 eng | |
| 650 | 4 | |a fiber concrete |2 eng | |
| 700 | 1 | |a Štefunková, Zuzana |u 010260 |k Z1 |4 ths |U SvF Stavebná fakulta |T SvF Katedra materiálového inžinierstva |X 24756 |U V260 |Y 27 |7 A000024756 | |
| 856 | 4 | |u http://is.stuba.sk/zp/portal_zp.pl?podrobnosti=145830 | |
| 856 | 4 | |u https://opac.crzp.sk/?fn=detailBiblioForm&sid=9F8942B94996237AAAFD18F666DC | |